000 00600nam a22002057a 4500
005 20250303045726.0
008 250303b |||||||| |||| 00| 0 eng d
020 _a9789358492613
040 _aIN-DiNC
_cIN-DiNC
041 _dasm
082 _a320.5
_bDAS
100 _aDas, Deepan
_eauthor
245 _aRajnaitik tattwa:
_babadharana aru bitarka (Major8)/
_cby Deepan Das and Dipen Saikia
250 _a1st ed.
260 _aDibrugarh:
_bBanalata,
_c2024.
300 _a248p.
650 _aPolitical theory: concepts and debates (Major8)
700 _aSaikia, Dipen
_eauthor
942 _2ddc
_cBK
999 _c12102
_d12102